Objective Biology for NEET 2026/ (Record no. 212535)

MARC details
000 -LEADER
fixed length control field 00642nam a22002177a 4500
005 - DATE AND TIME OF LATEST TRANSACTION
control field 20250724114405.0
010 ## - LCCN (DPL NO)
LC control number ENG-146104-105
020 ## - INTERNATIONAL STANDARD BOOK NUMBER
International Standard Book Number 9789367137826
Terms of availability 830.00
020 ## - INTERNATIONAL STANDARD BOOK NUMBER
International Standard Book Number 9789367136614
Terms of availability 790.00
035 ## - SYSTEM CONTROL NUMBER
System control number EN-129636-637
037 ## - SOURCE OF ACQUISITION
Source of stock number/acquisition DBAD
082 ## - DEWEY DECIMAL CLASSIFICATION NUMBER
Classification number 570
Edition number 7
100 ## - MAIN ENTRY--PERSONAL NAME
Personal name Rajiv Vijay
245 ## - TITLE STATEMENT
Title Objective Biology for NEET 2026/
Statement of responsibility, etc Rajiv Vijay
250 ## - EDITION STATEMENT
Edition statement 7
260 ## - PUBLICATION, DISTRIBUTION, ETC. (IMPRINT)
Place of publication, distribution, etc Noida
Name of publisher, distributor, etc Pearson India Education
Date of publication, distribution, etc 2025
270 ## - ADDRESS
Address 15th Floor, Towe-B, World Trade Tower, Plot No.1, Block-C, Sector-16
City Noida
Postal code 201301
300 ## - PHYSICAL DESCRIPTION
Extent vpp.
Dimensions 25cm(pbk)
490 ## - SERIES STATEMENT
Volume number/sequential designation 1,2
942 ## - ADDED ENTRY ELEMENTS (KOHA)
Source of classification or shelving scheme Dewey Decimal Classification
Item type English Books
Classification part 570
Call number suffix RAJ
Holdings
Withdrawn status Lost status Materials specified (bound volume or other part) Not for loan Collection code Home library Current library Date acquired Source of acquisition Cost, normal purchase price Full call number Barcode Copy number Cost, replacement price Koha item type
    VOL-1   Non-fiction Sarojini Nagar Sarojini Nagar 24/07/2025 Delivery of Books Act Division 830.00 570 RAJ EN-129636 1 830.00 English Books
    VOL-2   Non-fiction Sarojini Nagar Sarojini Nagar 09/09/2025 Delivery of Books Act Division 790.00 570 RAJ EN-129637 1 790.00 English Books

© Delhi Public Library
Hit Counter
free hit counter